00354nam a2200145Ia 4500003000400000008004100004020001800045082001400063100001700077245003200094250001200126260004900138300001100187650001000198OSt191201s2011 xx 000 0 und d a9788121918015 a658.1 KHE aKHANKA, S.S. 0aEntrepreneurial Development a4th ed. aNew DelhibS Chand and Company Limitedc2020 a794 p. aB Com